Selektivní propagace
Salvato in:
| Autore principale: | |
|---|---|
| Altri autori: | |
| Natura: | Libro |
| Lingua: | ceco |
| Pubblicazione: |
Praha
BaBtext
1993
|
| Edizione: | 1. vyd. |
| Serie: | Univerzitní edice
U 04 |
| Soggetti: | |
| Tags: |
Nessun Tag, puoi essere il primo ad aggiungerne!!
|
MARC
| LEADER | 00000nam a2200000 4500 | ||
|---|---|---|---|
| 001 | c005749 | ||
| 005 | 20221214082818.0 | ||
| 020 | |a 80-901444-6-2 | ||
| 041 | 0 | |a cze | |
| 044 | |a CZ | ||
| 245 | 1 | 0 | |a Selektivní propagace |c Hans Mühlbacher ; Prekl. Dagmar Petrová-Skalková |
| 250 | |a 1. vyd. | ||
| 264 | 1 | |a Praha |b BaBtext |c 1993 | |
| 300 | |a 288 s. | ||
| 490 | 1 | |a Univerzitní edice |v U 04 | |
| 830 | 0 | |a Univerzitní edice |v U 04 | |
| 610 | 2 | 0 | |a reklama |
| 610 | 2 | 0 | |a propagácia |
| 610 | 2 | 0 | |a komunikácia |
| 100 | 1 | |a Mühlbacher, Hans | |
| 700 | 1 | |a Petrová-Skalková, Dagmar | |